Statistics for A Level Biology - Nucleic Acids 2.3

Click here to take the quiz!

General Stats

  • This quiz has been taken 334 times
  • The average score is 7 of 12

Answer Stats

DefinitionKeyword% Correct
Shape of DNA moleculeDouble helix
92%
Molecule that when repeated makes up a polymerMonomer
86%
Molecule consisting of a five-carbon sugar, a phosphate group and a nitrogenous baseNucleotide
76%
The process of making messenger RNA from a DNA templateTranscription
66%
Enzyme that catalyses formation of DNADNA Polymerase
65%
Formation of a protein, at ribosomes, by assembling amino acids into a particular sequence according to the coded instructions carried from DNA to the ribosome by mRNATranslation
63%
Enzyme that catalyses the breaking of hydrogen bonds between the nitrogenous pairs of bases in a DNA moleculeHelicase
61%
A large polypeptide of 100 or more amino acidsProtein
55%
A polymer made of many amino acid units joined together by peptide bondsPolypeptide
49%
A length of DNA that codes for a polypeptide or for the length of RNAGene
44%
How DNA replicates, resulting in two new molecules, each of which contains one old strand and one new strandSemi-conservative replication
44%
Large molecule containing many nucleotidesPolynucleotide
42%

Score Distribution

Percentile by Number Answered

Percent of People with Each Score

Your Score History

You have not taken this quiz